| 000 | 00355cam a2200145ua 4500 | ||
|---|---|---|---|
| 003 | OSt | ||
| 008 | 240115b |||||||| |||| 00| 0 eng d | ||
| 041 | _amal | ||
| 082 |
_a894.8122 _bSRE/AA |
||
| 100 |
_aSreekanthan nair, C.N . _95748 |
||
| 245 | _aAa kani Thinnaruthu / | ||
| 260 |
_aQuilon : _bM.S Book Depot , _c1960. |
||
| 300 | _a170 ; . | ||
| 942 | _cBK | ||
| 999 |
_c1169 _d1169 |
||